[Event "II Festival Capo d'Orso"]
[Site "Portomannu - Palau ITA"]
[Date "2008.05.23"]
[Round "8"]
[White "Diotallevi, Maurizio"]
[Black "Mascellani, Marco"]
[Result "0-1"]
[WhiteElo "2096"]
[BlackElo "2309"]
[PlyCount "50"]
[EventDate "2008.05.17"]

1. d4 Nf6 2. Nf3 d5 3. c4 c6 4. Nc3 e6 5. cxd5 exd5 6. Qc2 Be7 7. Bg5 h6 8. Bh4
Be6 9. e3 Nbd7 10. Bd3 O-O 11. h3 c5 12. dxc5 Nxc5 13. O-O Rc8 14. Rfd1 Nfe4
15. Bxe4 Nxe4 16. Bxe7 Qxe7 17. Nd4 Rc4 18. Rd3 Rfc8 19. Rc1 a6 20. f3 Nc5 21.
Rdd1 Na4 22. Qd2 Qb4 23. Nc2 Qxb2 24. Nxa4 Rxa4 25. Nd4 Rxa2 0-1

[Event "II Festival Capo d'Orso"]
[Site "Portomannu - Palau ITA"]
[Date "2008.05.23"]
[Round "8"]
[White "Galassi, Federico"]
[Black "Byron, Alan M."]
[Result "1-0"]
[WhiteElo "2145"]
[BlackElo "2201"]
[PlyCount "79"]
[EventDate "2008.05.17"]

1. e4 c5 2. Nf3 e6 3. d4 cxd4 4. Nxd4 Nc6 5. Nxc6 bxc6 6. Bd3 Nf6 7. O-O Qc7 8.
Qe2 d5 9. Nd2 Be7 10. Re1 Bb7 11. c4 dxe4 12. Nxe4 c5 13. b3 Nxe4 14. Bxe4 Bf6
15. Bb2 Bxb2 16. Qxb2 O-O 17. Bxb7 Qxb7 18. Qe5 Qc6 19. Rad1 Rad8 20. f4 Rfe8
21. Qe2 h6 22. Rd3 Rxd3 23. Qxd3 Qc7 24. Qe4 Rd8 25. f5 Rd4 26. Qe5 Qxe5 27.
Rxe5 Rd1+ 28. Kf2 Rd2+ 29. Kf3 exf5 30. Rxf5 Rxa2 31. Rxc5 Ra3 32. Rc8+ Kh7 33.
Rb8 a5 34. Ke4 a4 35. b4 Rb3 36. b5 f5+ 37. Kd5 a3 38. Ra8 g5 39. Kc6 Rb2 40.
b6 1-0

[Event "II Festival Capo d'Orso"]
[Site "Portomannu - Palau ITA"]
[Date "2008.05.23"]
[Round "8"]
[White "Gnetti, Paolo"]
[Black "Both, Gert"]
[Result "0-1"]
[WhiteElo "1778"]
[BlackElo "2015"]
[PlyCount "42"]
[EventDate "2008.05.17"]

1. e4 c5 2. Nf3 e6 3. e5 Nc6 4. Bb5 Qc7 5. Bxc6 Qxc6 6. O-O d5 7. d4 cxd4 8.
Nxd4 Qb6 9. Nc3 Bd7 10. Be3 Bc5 11. Rb1 a5 12. Qg4 Ne7 13. Nce2 Ng6 14. h4 h5
15. Qg3 Qc7 16. c4 dxc4 17. Rbc1 Qxe5 18. f4 Qf6 19. Rxc4 b6 20. Qf3 Rc8 21. g3
Ne5 0-1

[Event "II Festival Capo d'Orso"]
[Site "Portomannu - Palau ITA"]
[Date "2008.05.23"]
[Round "8"]
[White "Godena, Michele"]
[Black "Fierro Baquero, Martha Lorena"]
[Result "1/2-1/2"]
[WhiteElo "2528"]
[BlackElo "2375"]
[PlyCount "158"]
[EventDate "2008.05.17"]

1. e4 d5 2. exd5 Qxd5 3. Nf3 Bg4 4. Be2 Nc6 5. h3 Bxf3 6. Bxf3 Qe5+ 7. Qe2
Qxe2+ 8. Bxe2 Nd4 9. Bd1 O-O-O 10. c3 Nc6 11. Bb3 e6 12. O-O Nf6 13. Re1 Bd6
14. d3 h6 15. Bc2 Rhe8 16. Nd2 Nd5 17. g3 Be7 18. Nf3 Bf6 19. Bd2 Kb8 20. Re2
Re7 21. Rae1 Red7 22. d4 a6 23. Bc1 g5 24. Re4 Rg8 25. h4 g4 26. Ne5 Bxe5 27.
dxe5 h5 28. Bg5 Nde7 29. R4e2 Ng6 30. Bf6 Kc8 31. Rd1 Rxd1+ 32. Bxd1 Nce7 33.
Bc2 Nd5 34. Bg5 Nf8 35. Kg2 Nd7 36. f3 gxf3+ 37. Kxf3 b5 38. Kg2 N5b6 39. b3
Nd5 40. c4 Nb4 41. Bh7 Re8 42. a3 Nc6 43. cxb5 axb5 44. Bd3 Ncxe5 45. Bxb5 c6
46. Ba6+ Kc7 47. Bf4 f6 48. Rd2 Nb6 49. Be2 Rh8 50. Bxe5+ fxe5 51. a4 Nd5 52.
a5 e4 53. Rd4 e3 54. Re4 Kd6 55. a6 Ra8 56. Bc4 c5 57. Kh3 Ra7 58. Kg2 Ra8 59.
g4 hxg4 60. Rxg4 Rf8 61. a7 Rf2+ 62. Kg3 Nb6 63. Re4 e5 64. Rxe3 Ra2 65. Rf3
Nxc4 66. bxc4 Rxa7 67. Rf6+ Ke7 68. Rc6 Ra4 69. Rxc5 Kd6 70. Rc8 Kd7 71. Rb8
Rxc4 72. h5 Ke6 73. h6 Rc7 74. Kg4 Kf6 75. Kh5 e4 76. Rf8+ Rf7 77. Ra8 Re7 78.
Rf8+ Rf7 79. Re8 Rd7 1/2-1/2

[Event "II Festival Capo d'Orso"]
[Site "Portomannu - Palau ITA"]
[Date "2008.05.23"]
[Round "8"]
[White "Graziani, Sergio"]
[Black "Calandri, Fausto"]
[Result "1/2-1/2"]
[WhiteElo "1694"]
[BlackElo "2123"]
[PlyCount "79"]
[EventDate "2008.05.17"]

1. d4 e6 2. Nf3 Nf6 3. Bg5 b6 4. Nbd2 h6 5. Bh4 Bb7 6. e3 c5 7. c3 Be7 8. Bg3
Nc6 9. Bd3 Nh5 10. O-O O-O 11. Qe2 d6 12. dxc5 Nxg3 13. hxg3 dxc5 14. Rad1 Qc7
15. g4 g6 16. Ne4 Kg7 17. Rfe1 Rad8 18. Bc2 Rxd1 19. Rxd1 Rd8 20. Rxd8 Qxd8 21.
Qd3 f5 22. Qxd8 Nxd8 23. gxf5 exf5 24. Ned2 Nf7 25. e4 fxe4 26. Bxe4 Ba6 27. g3
Nd6 28. Bd5 Bf6 29. Ne4 Nxe4 30. Bxe4 g5 31. Ne1 g4 32. f3 gxf3 33. Nxf3 Bc4
34. a3 Bg5 35. Nxg5 hxg5 36. Kf2 Kf6 37. Ke3 Ke5 38. Bb7 Be6 39. Be4 Bf5 40.
Bb7 1/2-1/2

[Event "II Festival Capo d'Orso"]
[Site "Portomannu - Palau ITA"]
[Date "2008.05.23"]
[Round "8"]
[White "Guanciale, Orazio"]
[Black "Peat, Matthew"]
[Result "1-0"]
[WhiteElo "2182"]
[BlackElo "1681"]
[PlyCount "97"]
[EventDate "2008.05.17"]

1. e4 e5 2. f4 Bc5 3. Nf3 d6 4. Nc3 Nc6 5. Bb5 Nge7 6. Na4 Bg4 7. Nxc5 dxc5 8.
d3 O-O 9. c3 Qd6 10. h3 Bxf3 11. Qxf3 a6 12. Ba4 f5 13. O-O Rad8 14. Bc2 fxe4
15. Qxe4 Qg6 16. Qxg6 Nxg6 17. f5 Nge7 18. Bg5 Rde8 19. f6 gxf6 20. Bxf6 h6 21.
Rae1 Ng6 22. d4 Nf4 23. dxe5 Nh5 24. Re4 Nxf6 25. exf6 Rxe4 26. Bxe4 Ne5 27.
Bxb7 a5 28. f7+ Kg7 29. Bd5 a4 30. g4 Nd3 31. b3 a3 32. Kg2 Rd8 33. f8=Q+ Rxf8
34. Rxf8 Kxf8 35. Kf3 c6 36. Bc4 Nb2 37. Kf4 Nd1 38. b4 Nxc3 39. bxc5 Na4 40.
Ke5 Ke7 41. Kf5 Nxc5 42. Kg6 Ne4 43. Kxh6 Nf2 44. Bf1 Kf7 45. Kg5 Ne4+ 46. Kf4
Nd2 47. Bd3 c5 48. Ke3 Nb3 49. Bc4+ 1-0

[Event "II Festival Capo d'Orso"]
[Site "Portomannu - Palau ITA"]
[Date "2008.05.23"]
[Round "8"]
[White "Hess, Christian Mathias"]
[Black "Weber, Meikel"]
[Result "1/2-1/2"]
[WhiteElo "2281"]
[BlackElo "2112"]
[PlyCount "30"]
[EventDate "2008.05.17"]

1. e4 e5 2. Bc4 Nc6 3. d3 Nf6 4. Nc3 Na5 5. Nge2 Nxc4 6. dxc4 Bc5 7. O-O O-O 8.
Bg5 h6 9. Bh4 d6 10. Qd3 g5 11. Bg3 Nh5 12. Na4 Bb6 13. Rfd1 Bg4 14. Nxb6 axb6
15. f3 Be6 1/2-1/2

[Event "II Festival Capo d'Orso"]
[Site "Portomannu - Palau ITA"]
[Date "2008.05.23"]
[Round "8"]
[White "Hilarius, Sander"]
[Black "Bieg Pagel, Clemens"]
[Result "1-0"]
[WhiteElo "2145"]
[BlackElo "1988"]
[PlyCount "75"]
[EventDate "2008.05.17"]

1. d4 d5 2. c4 c6 3. Nf3 Nf6 4. Nc3 dxc4 5. a4 Na6 6. e4 Bg4 7. Bxc4 e6 8. O-O
Be7 9. Be3 Nb4 10. Qe2 O-O 11. Rac1 Qa5 12. h3 Bh5 13. Rfd1 Rfd8 14. Bf4 Re8
15. g4 Bg6 16. Ne5 Rad8 17. h4 h5 18. Nxg6 fxg6 19. Bxe6+ Kh8 20. g5 Nh7 21.
Bf7 Nxg5 22. hxg5 Bxg5 23. Qe3 Rf8 24. Bxg5 Rxf7 25. Bxd8 Qxd8 26. e5 Nd5 27.
Nxd5 Qxd5 28. Rd3 Rf8 29. Re1 h4 30. Qe4 Qd8 31. f4 Qa5 32. e6 Rxf4 33. Qxf4
Qxe1+ 34. Qf1 Qxe6 35. Rf3 Qd5 36. Qf2 Qg5+ 37. Qg2 Qd5 38. Rf8+ 1-0

[Event "II Festival Capo d'Orso"]
[Site "Portomannu - Palau ITA"]
[Date "2008.05.23"]
[Round "8"]
[White "Hocevar, Nikola"]
[Black "Kekki, Petri"]
[Result "0-1"]
[WhiteElo "2111"]
[BlackElo "2411"]
[PlyCount "54"]
[EventDate "2008.05.17"]

1. d4 d5 2. Nf3 Nf6 3. c4 dxc4 4. e3 g6 5. Nc3 Bg7 6. Bxc4 O-O 7. O-O Ne8 8. a3
a5 9. h3 Nd6 10. Ba2 b5 11. Re1 Bb7 12. Bd2 Nd7 13. e4 e5 14. Bg5 Qb8 15. Be7
Re8 16. Bxd6 cxd6 17. Ng5 Re7 18. Qb3 exd4 19. Nxb5 Nc5 20. Qf3 Bc6 21. Bxf7+
Kh8 22. Bc4 Bxb5 23. Nf7+ Rxf7 24. Bxf7 Nd3 25. Red1 Ne5 26. Qb3 a4 27. Qe6 Bc4
0-1

[Event "II Festival Capo d'Orso"]
[Site "Portomannu - Palau ITA"]
[Date "2008.05.23"]
[Round "8"]
[White "Ibba, Isacco"]
[Black "Chiarotto, Filippo"]
[Result "1/2-1/2"]
[WhiteElo "2222"]
[BlackElo "2084"]
[PlyCount "89"]
[EventDate "2008.05.17"]

1. e4 c5 2. a3 Nc6 3. b4 cxb4 4. axb4 Nxb4 5. c3 Nc6 6. d4 d5 7. e5 Bf5 8. g4
Be4 9. f3 Bxb1 10. Rxb1 Qd7 11. Bd3 e6 12. Ne2 Nge7 13. O-O Nc8 14. f4 Nb6 15.
f5 O-O-O 16. Nf4 g6 17. Qf3 Kb8 18. Qh3 Be7 19. Rf3 Rdg8 20. f6 Bd8 21. g5 Bc7
22. Bb5 a6 23. Be2 Na5 24. Qf1 Nac4 25. Nd3 a5 26. Nb2 Qc6 27. Nxc4 Nxc4 28.
Bxc4 dxc4 29. Rf2 Rd8 30. Rfb2 b6 31. Rb5 Rd5 32. Rxd5 Qxd5 33. Qg2 Qxg2+ 34.
Kxg2 Rd8 35. Kf3 Kb7 36. Ke4 Kc6 37. h4 Rd5 38. Ba3 b5 39. h5 Bb6 40. hxg6 hxg6
41. Rh1 b4 42. Bb2 Rd7 43. Rh7 bxc3 44. Bxc3 Rd5 45. Rh1 1/2-1/2

[Event "II Festival Capo d'Orso"]
[Site "Portomannu - Palau ITA"]
[Date "2008.05.23"]
[Round "8"]
[White "Marin, Mihail"]
[Black "Bruno, Fabio"]
[Result "0-1"]
[WhiteElo "2556"]
[BlackElo "2450"]
[PlyCount "80"]
[EventDate "2008.05.17"]

1. c4 e6 2. Nf3 d5 3. b3 Nf6 4. g3 c5 5. Bg2 Nc6 6. cxd5 exd5 7. O-O d4 8. e4
Be7 9. d3 O-O 10. Bg5 Be6 11. Nbd2 Ne8 12. Bxe7 Qxe7 13. Nh4 Nd6 14. a4 Rab8
15. Nc4 b5 16. Nxd6 Qxd6 17. Nf5 Bxf5 18. exf5 Na5 19. Qc2 c4 20. bxc4 bxc4 21.
dxc4 Rbc8 22. Rfd1 Rxc4 23. Qe4 Rd8 24. Rd3 Rc3 25. Rb1 Nc6 26. Rxc3 dxc3 27.
Rc1 Qd2 28. Qe3 c2 29. Bf3 Nd4 30. Bh5 Nxf5 31. Qxd2 Rxd2 32. Kf1 Nd4 33. Ke1
Nb3 34. Bg4 Kf8 35. Bf5 Nxc1 36. Kxd2 Nb3+ 37. Kxc2 Nd4+ 38. Kc3 Nxf5 39. Kb4
Ke7 40. Kb5 Kd6 0-1

[Event "II Festival Capo d'Orso"]
[Site "Portomannu - Palau ITA"]
[Date "2008.05.23"]
[Round "8"]
[White "Mercandelli, Claudio"]
[Black "Pedrinzani, Ivano"]
[Result "0-1"]
[WhiteElo "1987"]
[BlackElo "1655"]
[PlyCount "44"]
[EventDate "2008.05.17"]

1. d4 g6 2. c4 c5 3. d5 Bg7 4. Nc3 d6 5. e4 Nf6 6. f4 e6 7. Be2 Na6 8. Nf3 exd5
9. cxd5 Nc7 10. O-O O-O 11. Nd2 Re8 12. a4 Bd7 13. Nc4 Nxe4 14. Nxe4 Rxe4 15.
Bd3 Bd4+ 16. Kh1 Re8 17. f5 Nxd5 18. fxg6 hxg6 19. Qf3 Nf6 20. Bg5 Bc6 21. Qg3
Nh5 22. Qxd6 Qxg5 0-1

[Event "II Festival Capo d'Orso"]
[Site "Portomannu - Palau ITA"]
[Date "2008.05.23"]
[Round "8"]
[White "Miotto, Alessandro"]
[Black "Glienke, Manfred"]
[Result "1/2-1/2"]
[WhiteElo "2072"]
[BlackElo "2301"]
[PlyCount "106"]
[EventDate "2008.05.17"]

1. e4 c5 2. Nf3 Nc6 3. Bb5 g6 4. O-O Bg7 5. c3 Nf6 6. Re1 O-O 7. d4 cxd4 8.
cxd4 d5 9. Bxc6 bxc6 10. e5 Ne4 11. Nc3 Nxc3 12. bxc3 a5 13. Ba3 Qc7 14. Re2
Rb8 15. Rb1 Bf5 16. Rxb8 Rxb8 17. Rb2 Rxb2 18. Bxb2 Qb6 19. Ba3 Qb1 20. Qxb1
Bxb1 21. Bxe7 Bxa2 22. Kf1 Bf8 23. Bd6 Bb1 24. Ke1 Bh6 25. Kd1 Bd3 26. Ne1 Be4
27. f3 Bb1 28. Nc2 Ba2 29. g3 Bb3 30. f4 g5 31. f5 g4 32. Bc7 a4 33. Bd6 Be3
34. Ke2 Bc1 35. Ne3 Kg7 36. Kd3 h5 37. c4 f6 38. cxd5 cxd5 39. e6 Ba2 40. Nc2
Bb1 41. Kc3 Bxc2 42. Kxc2 Be3 43. Kc3 Bg1 44. Kb4 Bxh2 45. Kb5 Bxg3 46. Kc6
Bxd6 47. Kxd6 g3 48. e7 g2 49. e8=Q g1=Q 50. Qe7+ Kg8 51. Qe8+ Kg7 52. Qe7+ Kg8
53. Qe8+ Kg7 1/2-1/2

[Event "II Festival Capo d'Orso"]
[Site "Portomannu - Palau ITA"]
[Date "2008.05.23"]
[Round "8"]
[White "Mogranzini, Roberto"]
[Black "Haslinger, Stewart G."]
[Result "0-1"]
[WhiteElo "2418"]
[BlackElo "2500"]
[PlyCount "70"]
[EventDate "2008.05.17"]

1. e4 e5 2. Nf3 Nc6 3. Bb5 a6 4. Bxc6 dxc6 5. O-O Be7 6. d4 Nf6 7. Nc3 exd4 8.
Nxd4 O-O 9. Bf4 Bb4 10. Nde2 Qe7 11. a3 Bc5 12. Ng3 Bg4 13. Qe1 Be6 14. Be3 Ng4
15. Bxc5 Qxc5 16. Qe2 Rae8 17. Qd2 Ne5 18. Na4 Qe7 19. Qb4 Qh4 20. f3 b6 21. b3
Ng6 22. Rad1 Qg5 23. Nb2 a5 24. Qc3 h5 25. Kh1 h4 26. Ne2 f5 27. exf5 Bxf5 28.
Nd4 Nf4 29. Rf2 Rd8 30. Nxf5 Rxd1+ 31. Nxd1 Rxf5 32. Qc4+ Kh8 33. Ne3 Re5 34.
Ng4 Re1+ 35. Rf1 b5 0-1

[Event "II Festival Capo d'Orso"]
[Site "Portomannu - Palau ITA"]
[Date "2008.05.23"]
[Round "8"]
[White "Motzer, Heinrich"]
[Black "Muhren, Willem"]
[Result "1/2-1/2"]
[WhiteElo "2004"]
[BlackElo "2240"]
[PlyCount "111"]
[EventDate "2008.05.17"]

1. c4 Nf6 2. Nc3 g6 3. g3 Bg7 4. Bg2 O-O 5. Nf3 d6 6. O-O e5 7. d3 h6 8. Rb1 a5
9. a3 Re8 10. Nd2 c6 11. b4 axb4 12. axb4 Be6 13. b5 d5 14. bxc6 bxc6 15. Bb2
Nbd7 16. Qc2 Qc7 17. Ra1 Bf8 18. cxd5 cxd5 19. Rfc1 Rxa1 20. Bxa1 Rc8 21. Qb2
d4 22. Na2 Nc5 23. Nc4 Rb8 24. Qc2 Nfd7 25. Rb1 Na4 26. Rxb8 Qxb8 27. e3 dxe3
28. fxe3 Qa7 29. d4 Nab6 30. Bf1 Nd5 31. Qb2 Nxe3 32. Nxe3 Qxa2 33. Qxa2 Bxa2
34. dxe5 h5 35. Bc4 Bxc4 36. Nxc4 Bg7 37. Bb2 Kf8 38. Ba3+ Kg8 39. Bd6 g5 40.
h3 Bf8 41. Kf2 Bxd6 42. exd6 f6 43. Ke3 Kf7 44. Ke4 Ke6 45. h4 Nc5+ 46. Kd4 Nb7
47. Ke4 Nc5+ 48. Kd4 Nb7 49. hxg5 fxg5 50. Ke4 Nc5+ 51. Kd4 Nb7 52. Ke4 Nxd6+
53. Nxd6 Kxd6 54. Kf5 h4 55. gxh4 gxh4 56. Kg4 1/2-1/2

[Event "II Festival Capo d'Orso"]
[Site "Portomannu - Palau ITA"]
[Date "2008.05.23"]
[Round "8"]
[White "Neri, Enzo"]
[Black "Santiloni, Stefano"]
[Result "1-0"]
[WhiteElo "2084"]
[BlackElo "1596"]
[PlyCount "71"]
[EventDate "2008.05.17"]

1. e4 d6 2. Bc4 Nf6 3. Nc3 g6 4. f3 e5 5. Nge2 Nc6 6. d3 Bg7 7. Be3 Nd7 8. h4
Nc5 9. Qd2 Nd4 10. O-O-O c6 11. Bh6 Bf6 12. Nxd4 exd4 13. Ne2 Be6 14. Bg5 b5
15. Bxe6 Nxe6 16. Bxf6 Qxf6 17. f4 a5 18. f5 Nd8 19. Rdf1 Qe5 20. h5 Ra7 21.
Qh6 b4 22. hxg6 fxg6 23. fxg6 Rg7 24. Rf5 Qe7 25. Nf4 a4 26. Qg5 Ne6 27. Nxe6
Qxe6 28. Rf6 Qxa2 29. Rxd6 Rd7 30. Rxd7 Kxd7 31. Rxh7+ Rxh7 32. gxh7 Qa1+ 33.
Kd2 Qxb2 34. h8=Q Qc3+ 35. Kd1 Qa1+ 36. Ke2 1-0

[Event "II Festival Capo d'Orso"]
[Site "Portomannu - Palau ITA"]
[Date "2008.05.23"]
[Round "8"]
[White "Neubauer, Kai"]
[Black "Adrian, Claude"]
[Result "0-1"]
[WhiteElo "1988"]
[BlackElo "2279"]
[PlyCount "70"]
[EventDate "2008.05.17"]

1. d4 d5 2. Nf3 Nc6 3. c4 e5 4. cxd5 Qxd5 5. dxe5 Qxd1+ 6. Kxd1 Bf5 7. Nc3
O-O-O+ 8. Bd2 Bc5 9. e3 Nh6 10. Bb5 Nb4 11. Na4 Be7 12. Nd4 Bg6 13. Ke2 a6 14.
Bxb4 Bxb4 15. Bd3 Bxd3+ 16. Kxd3 b5 17. Ke4 f5+ 18. Kf4 bxa4 19. Nc6 g5+ 20.
Kf3 Rd2 21. Nxb4 Ng4 22. Rhf1 Nxh2+ 23. Kg3 Nxf1+ 24. Rxf1 Rxb2 25. Nd5 Re8 26.
f4 gxf4+ 27. Kxf4 Rb5 28. Nf6 Rexe5 29. Nxh7 Re4+ 30. Kf3 Rbe5 31. Ng5 Rxe3+
32. Kf4 Re7 33. Rc1 Re1 34. Rc4 Rf1+ 35. Kg3 Rg7 0-1

[Event "II Festival Capo d'Orso"]
[Site "Portomannu - Palau ITA"]
[Date "2008.05.23"]
[Round "8"]
[White "Ori, Marco"]
[Black "Russo, Roberto"]
[Result "0-1"]
[WhiteElo "2141"]
[BlackElo "1840"]
[PlyCount "68"]
[EventDate "2008.05.17"]

1. e4 c5 2. Nf3 a6 3. c4 d6 4. d4 Bg4 5. Be2 cxd4 6. Nxd4 Bxe2 7. Qxe2 Nc6 8.
Be3 Nf6 9. Nc3 g6 10. O-O Bg7 11. Rfd1 Nd7 12. Rac1 Nxd4 13. Bxd4 Bxd4 14. Rxd4
Qb6 15. Rd2 Nf6 16. e5 dxe5 17. Qxe5 O-O 18. Qxe7 Rac8 19. b3 Rfe8 20. Qd6 Rc6
21. Qf4 Qb4 22. Re2 Rce6 23. Rxe6 Rxe6 24. h3 b5 25. Qb8+ Kg7 26. cxb5 axb5 27.
Qxb5 Qa3 28. Rb1 h5 29. Qc4 Qd6 30. b4 Qd2 31. Kf1 Qc2 32. b5 Ne4 33. Qd4+ Kh7
34. b6 Nxc3 0-1

[Event "II Festival Capo d'Orso"]
[Site "Portomannu - Palau ITA"]
[Date "2008.05.23"]
[Round "8"]
[White "Pagano, Nunzio"]
[Black "Troiani, Carlo"]
[Result "1-0"]
[WhiteElo "2008"]
[BlackElo "1791"]
[PlyCount "49"]
[EventDate "2008.05.17"]

1. b4 d5 2. Bb2 f6 3. e3 Nh6 4. c4 c6 5. Nc3 Be6 6. cxd5 Bxd5 7. f4 Qd6 8. a3
Nd7 9. Nf3 Rd8 10. Be2 e5 11. e4 Bf7 12. O-O Be7 13. d4 exf4 14. Rc1 O-O 15. e5
fxe5 16. Ne4 Qb8 17. Nfg5 Bd5 18. Bd3 Nf5 19. Qh5 h6 20. dxe5 Nxe5 21. Bb1 hxg5
22. Nxg5 Nh6 23. Bxe5 Bd6 24. Qxh6 gxh6 25. Bh7# 1-0

[Event "II Festival Capo d'Orso"]
[Site "Portomannu - Palau ITA"]
[Date "2008.05.23"]
[Round "8"]
[White "Piscopo, Pierluigi"]
[Black "Aagaard, Jacob"]
[Result "1/2-1/2"]
[WhiteElo "2379"]
[BlackElo "2533"]
[PlyCount "59"]
[EventDate "2008.05.17"]

1. e4 c5 2. Nf3 d6 3. c3 Nf6 4. Be2 Bg4 5. d3 e6 6. Nbd2 Nc6 7. h3 Bh5 8. O-O
Be7 9. a3 O-O 10. g4 Bg6 11. Nh4 e5 12. f4 exf4 13. Nxg6 hxg6 14. Nf3 d5 15. e5
Nh7 16. Bxf4 Ng5 17. Kg2 Ne6 18. Bg3 f5 19. exf6 Rxf6 20. Qb3 Na5 21. Qa2 Bd6
22. Qxd5 Bxg3 23. Qxd8+ Rxd8 24. Kxg3 Nf4 25. Rae1 Nxe2+ 26. Rxe2 Rxd3 27. Re8+
Kf7 28. Re4 Nb3 29. Kg2 Kf8 30. Re2 1/2-1/2

[Event "II Festival Capo d'Orso"]
[Site "Portomannu - Palau ITA"]
[Date "2008.05.23"]
[Round "8"]
[White "Puzzoni, Christian"]
[Black "Marsili, Riccardo"]
[Result "1-0"]
[WhiteElo "2114"]
[BlackElo "1759"]
[PlyCount "107"]
[EventDate "2008.05.17"]

1. e4 d5 2. d4 dxe4 3. Nc3 e5 4. Be3 exd4 5. Bxd4 e3 6. Bxe3 Qxd1+ 7. Rxd1 c6
8. Bc4 Nf6 9. Nf3 Bg4 10. O-O Bxf3 11. gxf3 Bb4 12. Bd4 Bxc3 13. Bxc3 O-O 14.
Rfe1 Nbd7 15. Re7 b5 16. Bb3 a5 17. a3 a4 18. Ba2 c5 19. Rdxd7 Nxd7 20. Rxd7 c4
21. Rd5 Rab8 22. Be5 Rb6 23. b3 axb3 24. cxb3 Rc6 25. bxc4 bxc4 26. Bc3 h6 27.
Rd4 Ra8 28. Bxc4 Rac8 29. Bxf7+ Kxf7 30. Rf4+ Kg8 31. Bb4 Rc4 32. Rf5 Rb8 33.
Kg2 Rcxb4 34. axb4 Rxb4 35. Kg3 Kh7 36. Re5 Kg6 37. f4 Kf6 38. h4 g6 39. Rd5
Rb3+ 40. Kg2 h5 41. Re5 Rb4 42. Kf3 Rc4 43. Re4 Rxe4 44. Kxe4 Ke6 45. f5+ gxf5+
46. Kf4 Kf6 47. f3 Kg6 48. Ke5 f4 49. Kxf4 Kf6 50. Ke4 Ke6 51. f4 Kf6 52. f5
Kf7 53. Ke5 Ke7 54. f6+ 1-0

[Event "II Festival Capo d'Orso"]
[Site "Portomannu - Palau ITA"]
[Date "2008.05.23"]
[Round "8"]
[White "Simone, Marco"]
[Black "Sprotte, Norbert"]
[Result "0-1"]
[WhiteElo "1867"]
[BlackElo "2217"]
[PlyCount "76"]
[EventDate "2008.05.17"]

1. e4 e6 2. d4 d5 3. Nc3 Bb4 4. a3 Bxc3+ 5. bxc3 dxe4 6. Qg4 Nf6 7. Qxg7 Rg8 8.
Qh6 Nbd7 9. Ne2 b6 10. Ng3 Bb7 11. Be2 Qe7 12. O-O Qf8 13. Qxf8+ Nxf8 14. f3
exf3 15. Bxf3 Bxf3 16. Rxf3 N8d7 17. a4 c5 18. Ba3 Nd5 19. Ne4 f5 20. Nd6+ Ke7
21. dxc5 Nxc5 22. Nb7 Rac8 23. Nxc5 bxc5 24. Rb1 Kd6 25. Rd3 Rg4 26. Rd4 Rcg8
27. Rb5 Rxg2+ 28. Kf1 Ke5 29. Rxc5 Kf6 30. Rd3 f4 31. Rcxd5 exd5 32. Rxd5 Rxc2
33. Bc5 Rgg2 34. Bd4+ Kg6 35. Rd6+ Kf5 36. Rf6+ Ke4 37. Re6+ Kf3 38. Bxa7 Rxh2
0-1

[Event "II Festival Capo d'Orso"]
[Site "Portomannu - Palau ITA"]
[Date "2008.05.23"]
[Round "8"]
[White "Vita, Fabrizio"]
[Black "Cocchi, Andrea"]
[Result "0-1"]
[WhiteElo "2082"]
[BlackElo "2316"]
[PlyCount "102"]
[EventDate "2008.05.17"]

1. c4 c5 2. Nf3 Nc6 3. Nc3 e6 4. g3 Nf6 5. Bg2 Be7 6. O-O O-O 7. b3 a6 8. e3
Qa5 9. Bb2 Rd8 10. Qe2 Rb8 11. Rfd1 b5 12. d4 bxc4 13. bxc4 cxd4 14. Nxd4 Ne5
15. Nb3 Qc7 16. c5 Rb4 17. Rac1 Bb7 18. Ba3 Bxg2 19. Kxg2 Qc6+ 20. f3 Rbb8 21.
e4 h6 22. h3 Qa8 23. f4 Nc6 24. Qf3 Nb4 25. Bxb4 Rxb4 26. e5 Ne4 27. Nxe4 Rxe4
28. Kf2 Qc6 29. Rc3 Qa4 30. Rd2 Rb8 31. Rcd3 Rb7 32. Kg2 f5 33. exf6 Bxf6 34.
Rxd7 Rxd7 35. Rxd7 Qxa2+ 36. Rd2 Qa4 37. h4 Rc4 38. Rd3 Kh7 39. Kh3 Qe8 40. Rd6
Qg6 41. Qd3 Qxd3 42. Rxd3 e5 43. fxe5 Bxe5 44. h5 Kg8 45. Re3 Bf6 46. Re6 Rc3
47. c6 Kf7 48. Rd6 Rxb3 49. Rd7+ Ke6 50. Ra7 Rc3 51. Rxa6 Kd5 0-1

[Event "II Festival Capo d'Orso"]
[Site "Portomannu - Palau ITA"]
[Date "2008.05.23"]
[Round "8"]
[White "Zoldan, Matteo"]
[Black "Procacci, Sergio"]
[Result "1/2-1/2"]
[WhiteElo "2208"]
[BlackElo "2000"]
[PlyCount "112"]
[EventDate "2008.05.17"]

1. c4 Nf6 2. Nc3 g6 3. e4 d6 4. d4 Bg7 5. f3 e5 6. Nge2 Nc6 7. d5 Ne7 8. Be3
Nd7 9. Qd2 h6 10. O-O-O a5 11. Kb1 b6 12. Ng3 Nc5 13. Be2 Ba6 14. Rhf1 h5 15.
f4 Qd7 16. fxe5 Bxe5 17. Bd4 f6 18. Bxe5 fxe5 19. Qg5 O-O-O 20. Rf7 Rde8 21.
Rdf1 Qd8 22. Qf6 Kb7 23. h4 Rhg8 24. Nh1 Nc8 25. Qxd8 Rxd8 26. b3 Rd7 27. Rxd7
Nxd7 28. Rf7 Nc5 29. Nf2 g5 30. hxg5 Rxg5 31. Bf3 Na7 32. Rf5 Rg8 33. Rxh5 b5
34. cxb5 Nxb5 35. Nxb5 Bxb5 36. Kc2 Be8 37. Rh4 c6 38. Nd3 Nxd3 39. dxc6+ Bxc6
40. Kxd3 Bb5+ 41. Kd2 Kb6 42. a3 Bf1 43. Rh2 Ba6 44. Rh6 Kc5 45. Kc3 Rg3 46.
Rh3 Rg7 47. g4 Bc8 48. Rg3 Rg5 49. Be2 d5 50. b4+ axb4+ 51. axb4+ Kd6 52. exd5
Kxd5 53. Bf3+ e4 54. Be2 Ke5 55. Kc2 Kd4 56. Ra3 Rg6 1/2-1/2

[Event "II Festival Capo d'Orso"]
[Site "Portomannu - Palau ITA"]
[Date "2008.05.24"]
[Round "9"]
[White "Ferrario, Enrico"]
[Black "Soro, Pier Paolo"]
[Result "1-0"]
[WhiteElo "1979"]
[BlackElo "1536"]
[PlyCount "57"]
[EventDate "2008.05.17"]

1. d4 Nf6 2. Nf3 g6 3. e3 Bg7 4. Bd3 d6 5. O-O O-O 6. Nbd2 Nbd7 7. c3 c5 8. Re1
a6 9. e4 Re8 10. e5 dxe5 11. dxe5 Nd5 12. Be4 Nxe5 13. Nxe5 Bxe5 14. Nf3 Nxc3
15. bxc3 Bxc3 16. Qb3 Bxa1 17. Ng5 e6 18. Qh3 h5 19. g4 e5 20. Qf3 Qe7 21. gxh5
Kg7 22. h6+ Kxh6 23. Nxf7+ Kg7 24. Bh6+ Kh7 25. Bg5 Qe6 26. Qh5+ Kg7 27. Qh6+
Kxf7 28. Qh7+ Kf8 29. Bh6# 1-0

[Event "II Festival Capo d'Orso"]
[Site "Portomannu - Palau ITA"]
[Date "2008.05.24"]
[Round "9"]
[White "Muhren, Willem"]
[Black "Miotto, Alessandro"]
[Result "1-0"]
[WhiteElo "2240"]
[BlackElo "2072"]
[PlyCount "63"]
[EventDate "2008.05.17"]

1. e4 e5 2. Nc3 Nf6 3. Nf3 Nc6 4. g3 d6 5. Bg2 Bg4 6. h3 Bh5 7. d3 Qd7 8. g4
Bg6 9. Nh4 Nd4 10. Be3 Ne6 11. Qd2 Be7 12. Nf5 h6 13. O-O-O O-O-O 14. Ne2 a6
15. Qa5 c5 16. c3 Bxf5 17. exf5 Nc7 18. c4 Kb8 19. Nc3 Rc8 20. Kc2 Bd8 21. Qa3
Na8 22. b4 Bb6 23. Rb1 Rc7 24. bxc5 dxc5 25. Rb3 Qd6 26. Rhb1 Rd8 27. Na4 Nd7
28. Be4 Kc8 29. Qb2 f6 30. Nc3 Rc6 31. Bd5 Kc7 32. a4 1-0

[Event "II Festival Capo d'Orso"]
[Site "Portomannu - Palau ITA"]
[Date "2008.05.24"]
[Round "9"]
[White "Pedrinzani, Ivano"]
[Black "Cardili, Mariano"]
[Result "0-1"]
[WhiteElo "1655"]
[BlackElo "2118"]
[PlyCount "52"]
[EventDate "2008.05.17"]

1. e4 c6 2. d4 d5 3. Nc3 dxe4 4. Nxe4 Bf5 5. Ng3 Bg6 6. Nf3 Nd7 7. Bc4 e6 8. h4
h6 9. c3 Ngf6 10. Bf4 Be7 11. h5 Bh7 12. Qe2 O-O 13. O-O-O b5 14. Bb3 Nd5 15.
Bd2 a5 16. Ne4 a4 17. Bc2 b4 18. Bb1 b3 19. a3 Qb6 20. g4 Bxa3 21. Rdg1 Bxb2+
22. Kd1 a3 23. Bxh6 a2 24. Qxb2 a1=Q 25. Qxa1 Rxa1 26. Kd2 Rxb1 0-1